000 01399cam a22003617a 4500
003 CHAP
005 20220329142317.0
008 000607d1999 mx r 00110 spa d
010 _a81437
011 _a82409
035 _a92904
040 _cCHAP
090 _aTesis
100 0 0 _aCamacho Romero, María de Lourdes.
_917705
245 1 3 _aLa organización campesina una alternativa de desarrollo rural :
_bcaso de estudio. Ejido de San Simón, Texcoco, Estado de México
_c/por María de Lourdes Camacho Romero y Elvira Lora Zamorano
260 _aChapingo, Méx. :
_bEl autor,
_c1999.
300 _a79 h. ;
_banexos
502 _aTesis (Lic. en Administración de Empresas Agropecuarias) -- UACH. División de Ciencias Económico Administrativas
590 _aALEPH
_b10
_c20130110
_lUCH01
_h1436
590 _aBATCH-UPD
_b10
_c20130110
_lUCH01
_h0435
590 _aBATCH-UPD
_b10
_c20130410
_lUCH01
_h0110
590 _aBATCH-UPD
_b10
_c20130914
_lUCH01
_h0820
590 _aCONVERSION
_b10
_c20130109
_lUCH01
_h1345
650 1 4 _aAgricultura
_xSociedades.
_91797
650 1 4 _aDesarrollo rural.
_932067
650 1 4 _aEjido de San Simón, Texcoco, Méx.
_935876
700 0 0 _aLora Zamorano, Elvira
_968510
901 _aBK
905 _aAlejandra Carrasco M.
942 _cFOLL
949 _bBC
_cTES
_d33724000783528
_eTS2
_fc.2
_h36482
_i92904
_sb
949 _bBC
_cTES
_d929041
_eTS1
_h36481
_i92904
_sb
999 _c81437
_d81437